Globalisation and knowledge economy
Význam informácií v súčasnom globalizovanom svete. Kvanitatívne technologické zmeny významne ovplyvňujú svetovú ekonomiku. V príspevku sú charakterizované najmä zmeny produkčných faktorov, teda práce, kapitálu, pôdy a informácií na celosvetovej úrovni. Informácie a vedomosti sú hlavným kapitálom dne...
Na minha lista:
| Autor principal: | |
|---|---|
| Formato: | Capítulo de Livro |
| Idioma: | inglês |
| Assuntos: | |
| Tags: |
Sem tags, seja o primeiro a adicionar uma tag!
|
MARC
| LEADER | 00000naa$a2200000$$$4500 | ||
|---|---|---|---|
| 001 | 0040254 | ||
| 005 | 20231114071553.4 | ||
| 041 | 0 | |a eng | |
| 044 | |a CZ | ||
| 245 | 1 | 0 | |a Globalisation and knowledge economy |c Vladimír Jeníček |
| 520 | |a Význam informácií v súčasnom globalizovanom svete. Kvanitatívne technologické zmeny významne ovplyvňujú svetovú ekonomiku. V príspevku sú charakterizované najmä zmeny produkčných faktorov, teda práce, kapitálu, pôdy a informácií na celosvetovej úrovni. Informácie a vedomosti sú hlavným kapitálom dneška, lebo sú zdrojom bohatstva. Informácie - absolútne nehmotný tovar, ktorý naberá fyzickú podobu pomocou svojich nosičov /médií/, alebo sa zhmotňuje vo výkonoch ľudí, ktorí informáciami disponujú. | ||
| 610 | 2 | 0 | |a informácie |
| 610 | 2 | 0 | |a ekonomika vedomostná |
| 610 | 2 | 0 | |a globalizácia |
| 610 | 2 | 0 | |a práca |
| 610 | 2 | 0 | |a kapitál |
| 610 | 2 | 0 | |a pôda |
| 610 | 2 | 0 | |a zmeny technologické |
| 100 | 1 | |a Jeníček, Vladimír | |